Foods by Picture easy - Statistics

General Stats
  • This quiz has been taken 114 times
  • The average score is 7 of 8
Answer Stats
Picture Answer % Correct
Pizza
99%
Cupcake
97%
Egg
96%
Gummy bears
93%
Soup
93%
Pears
87%
Chicken
83%
Peanut butter and jelly sandwich
66%
No matching quizzes found
Score Distribution
Percent of People with Each Score
Percentile by Number Answered
Your Score History
You have not taken this quiz